000
00302nam a22001337a 4500
008
181012b xxu||||| |||| 00| 0 eng d
020
_a
9780763729677
041
_a
eng
080
_2
2nd
_a
610
100
_a
4
101
_a
SHM
245
_a
International Public Health
_c
Merson, M.H
942
_2
udc
_c
BK
999
_c
49520
_d
49520